[Event "EU-Cup 23rd"]
[Site "Kemer"]
[Date "2007.10.10"]
[Round "7.1"]
[White "Sasikiran, Krishnan"]
[Black "Gyimesi, Zoltan"]
[Result "1-0"]
[WhiteElo "2661"]
[BlackElo "2610"]
[Annotator "Sasikiran,K"]
[PlyCount "93"]
[EventDate "2007.10.03"]
[EventType "team-swiss"]
[EventRounds "7"]
[EventCountry "TUR"]
[SourceTitle "CBM 121"]
[Source "ChessBase"]
[SourceDate "2007.11.14"]
[SourceVersion "1"]
[SourceVersionDate "2007.11.14"]
[SourceQuality "1"]
[WhiteTeam "Zagreb"]
[BlackTeam "Zalaegerszeg"]
[WhiteTeamCountry "CRO"]
[BlackTeamCountry "HUN"]

1. d4 Nf6 2. c4 e6 3. Nc3 Bb4 4. Nf3 d5 5. Qa4+ Nc6 6. e3 Bd7 7. Qc2 O-O 8. Bd2
Rc8 $5 $146 {Black wants to move the knight on c6 and play c5. However, with
so many options open it is difficult to say whether Black will manage to play
c5.} (8... Re8 {seems more natural, preparing the withdrawal to Bf8 if
necessary and trying to acheive e5 as soon as possible.}) 9. a3 Bxc3 (9... Bd6
10. c5 Be7 11. b4 $14) 10. Bxc3 Ne4 11. Bb4 $5 (11. Bd3 Nxc3 12. bxc3 g6 13.
cxd5 (13. O-O dxc4 14. Bxc4 Na5 15. Bd3 c5 $11) (13. h4 $5) 13... exd5 14. Qb3
Bg4 15. Qxb7 Na5 16. Qa6 Bxf3 17. gxf3 c5 18. Rb1 $13) 11... Nxb4 (11... Re8
12. Bd3 a5 13. Bc3 Nxc3 14. bxc3 g6 15. h4 $5 $14) 12. axb4 Qe7 13. c5 a6 14.
Bd3 Ng5 $1 (14... f5 15. Ne5 Bb5 16. Bxb5 axb5 17. O-O Ra8 18. Ra5 $1 Rxa5 19.
bxa5 $14) 15. Nd2 (15. Nxg5 Qxg5 16. O-O g6 17. c6 Bxc6 18. Bxa6 bxa6 19. Qxc6
Rb8 $11) 15... f5 16. f4 $5 (16. h4 Ne4 17. Nf3 Bb5 18. g3 {and White can hope
to drive the knight on e4 with a later f3.}) 16... Ne4 17. Nf3 Bb5 $1 18. Rg1 (
18. Bxe4 fxe4 19. Ne5 $13 {White had to go for in this position. The knight
looks good, however it has no targets. White can try to organise play on the
kingside with h4-g4 etc.}) 18... Bxd3 19. Qxd3 g5 $5 20. g3 (20. fxg5 Nxg5 21.
O-O-O Ne4 (21... Nxf3 22. gxf3+ Kh8 23. Rg3 f4 $5 $13) 22. Rdf1 Kh8 23. Ne5 Qe8
$1 $132) 20... c6 21. Rg2 g4 22. Nd2 Nxd2 $6 {There was no need to hurry with
this exchange. Black has to play against h3, White's only pawn break available
in this position.} (22... Rf6 23. O-O-O Rh6 $11) 23. Kxd2 Kg7 $6 {Another
slight inaccuracy allowing a slight initiative for White.} ({After} 23... Rf6
24. h3 gxh3 25. Rh2 Rh6 26. Rah1 Qg7 27. Qf1 Kf7 28. Rxh3 Rxh3 29. Qxh3 Rh8 $11
{the weakness on g3 compensates the weakness on h7.}) 24. h3 h5 25. Qe2 $5 (25.
Kc3 $5) 25... Rh8 26. Rh2 Rcg8 27. Kc3 ({If} 27. Rah1 {then} b5 $1 {blocks the
king's entry to the queenside.}) 27... Qf6 (27... Kf8 28. Rah1 Qf6 (28... Ke8
$2 29. hxg4 Rxg4 30. Rxh5 Rxh5 31. Rxh5 Rxg3 32. Rh8+ Kd7 33. Qh5 $18) 29. hxg4
hxg4 30. Rh7 Rxh7 31. Rxh7 Rg7 32. Rh5 $14) 28. Rah1 Qd8 29. Kb3 Qe8 $6 (29...
Qf6 $1 30. hxg4 hxg4 31. Rxh8 Rxh8 32. Rxh8 Kxh8 33. Qh2+ Kg7 34. Qh5 Qd8 $1
35. Ka4 (35. Qg5+ $2 Qxg5 36. fxg5 Kg6 37. Ka4 Kxg5 38. Ka5 e5 39. dxe5 d4 40.
exd4 f4 41. gxf4+ Kf5 $19) 35... b5+ $1 $11) 30. hxg4 hxg4 31. Rh4 Rxh4 $2 {
Underestimating the danger. After the text move the white queen will occupy
the key diagonal h4-d8, and combining the threat on Black's e6-pawn and king's
entry to the queenside, White will create a Zugzwang to win a pawn.} (31... Qd8
32. Qh2 Rxh4 33. Qxh4 Qxh4 34. Rxh4 Rb8 35. Ka4 b6 (35... Rf8 36. Ka5 Rf7 37.
Kb6 Re7 38. Rh1 Rf7 39. b5 cxb5 40. b4 Re7 41. c6 bxc6 42. Kxc6 Kg6 43. Rh8 Ra7
44. Kb6 Re7 45. Kxa6 Rc7 46. Kxb5 Rc1 47. Rh2 $1 Rg1 48. Kc6 Rxg3 49. b5 Rxe3
50. Rb2 $18) 36. cxb6 Rxb6 37. Rh1 Kf7 (37... Kf6 38. Rh7 $1 Rb8 39. Ra7 Rb6 (
39... Rh8 40. Rxa6 Rh3 41. Rxc6 Rxg3 42. b5 Rg2 43. b3 $1 $18) 40. Rc7 Kg6 41.
b3 $1 Kf6 42. Ka5 Rb5+ 43. Kxa6 Rxb4 44. Rb7 $18) 38. Rh7+ Ke8 39. Ra7 Kd8 $14
{and Black should be able to defend.}) 32. Rxh4 Rh8 33. Qh2 Rxh4 34. Qxh4 Qd7
35. Qg5+ Kf7 36. Qh6 $1 Kg8 (36... Ke8 37. Qh8+ Ke7 38. Qb8 $1 Kf7 39. Ka4 Ke7
40. Qg8 Qc7 41. Qg7+ Kd8 42. Qf8+ Kd7 43. Qf7+ Kc8 44. Qxe6+ Qd7 45. Qg8+ (45.
Qe5 $6 b6 $1 46. cxb6 c5+ 47. Kb3 c4+ 48. Kc3 Kb7 49. b3 (49. Qc7+ Qxc7 50.
bxc7 Kxc7 51. b3 cxb3 52. Kxb3 Kc6 $11) 49... cxb3 50. Kxb3 Qc6 51. Qe7+ Kxb6
52. Kb2 Qb5 53. Qc5+ Kb7 $11) 45... Kc7 46. Qf8 $18) 37. Qg6+ (37. Qf6 Qe8 38.
Ka4 $5) 37... Kf8 38. Qf6+ Kg8 39. Qe5 Qc8 40. Ka3 Kf7 41. Qd6 $1 (41. Ka4 $2
Qd8 $1 $11) 41... Ke8 42. Ka4 Qd7 43. Qb8+ Ke7 44. b3 $1 {Zugzwang.} b5+ (44...
Kf7 45. Ka5 $18) 45. Ka5 Qd8+ 46. Qxd8+ Kxd8 47. Kb6 1-0

[Event "EU-Cup 22nd"]
[Site "Fuegen"]
[Date "2006.10.14"]
[Round "7.6"]
[White "Dreev, Alexey"]
[Black "Schandorff, Lars"]
[Result "1-0"]
[WhiteElo "2655"]
[BlackElo "2534"]
[Annotator "Schandorff,L"]
[PlyCount "99"]
[EventDate "2006.10.08"]
[EventType "team-swiss"]
[EventRounds "7"]
[EventCountry "AUT"]
[SourceTitle "CBM 115"]
[Source "ChessBase"]
[SourceDate "2006.11.15"]
[SourceVersion "1"]
[SourceVersionDate "2006.11.15"]
[SourceQuality "1"]
[WhiteTeam "Ural Sverdlovskaya"]
[BlackTeam "Werder Bremen"]
[WhiteTeamCountry "RUS"]
[BlackTeamCountry "GER"]

1. d4 Nf6 2. c4 e6 3. Nf3 d5 4. Nc3 Bb4 5. Qa4+ Nc6 6. a3 Bxc3+ 7. bxc3 {
White gets the bishop pair and strenghtens his centre, but it takes time.} O-O
(7... Ne4) 8. Bg5 h6 9. Bxf6 ({Forced.} 9. Bh4 g5 10. Bg3 Ne4 {and black takes
the initiative.}) 9... Qxf6 10. e3 Rd8 ({A solid move. I wanted to complete
development with Ld7, b6, Sa5 and c5. The best move is probably} 10... Qg6 {
which is a little annoying for white because of the pressure on g2.}) (10...
Bd7 11. Qc2 Rfe8 {with the plan dxc4 and e5 also makes sense:} 12. Bd3 dxc4 13.
Bxc4 e5 14. O-O Bf5 15. Qa2 e4 16. Nd2 Na5 17. f3 Nxc4 18. Qxc4 Qg6 19. fxe4
Bxe4 20. Nxe4 Rxe4 21. Qxc7 Rxe3 22. Rae1 Rae8 23. Rxe3 Rxe3 24. Qxb7 Rxc3 25.
Qxa7 f6 26. a4 Ra3 27. Qa8+ {1/2-1/2 Dreev,A-Gelashvili,T/Ermioni GRE 2006/The
Week in Chess 610}) 11. Bd3 Bd7 12. cxd5 exd5 13. O-O $14 {White is slightly
better strategically, but I planned a very ambitious setup with b6, Sa5, c5
and c4 with great counterplay typical of the Ragozin variation.} b6 14. Qc2 Na5
$6 ({Maybe} 14... Bg4 15. Nd2 Ne7 16. c4 c5) 15. Ne5 c5 16. f4 c4 {So far so
good. I played it quickly and still had 1 hour left against Dreevs 30 minutes.
After the forced 17.Le2 Lf5 black takes control over the important e4-square
with fine play. While Dreev was thinking I realised that white could in fact
keep the important diagonal.} 17. Bh7+ $1 Kh8 18. Rf3 $1 Nb7 ({Black could win
the brave bishop with} 18... g6 {but after} 19. Bxg6 fxg6 20. Nxg6+ Kg7 21. Rg3
{white has a great attack.}) 19. Qb1 $1 {Makes room on c2 for the bishop.} Nd6
20. Bc2 {White kept control over e4 and with the queenside blocked he can
slowly but surely take over on the kingside. Black has no real counterplay.}
Rac8 21. g4 $16 Qe7 22. Qe1 Kg8 23. Qg3 f6 {Both players were in timetrouble
now.} 24. Ng6 Qe8 25. f5 Nb5 26. Qe1 Qf7 27. a4 Nd6 28. Qg3 Be8 29. h4 Qc7 30.
Nf4 Nf7 31. e4 Bc6 32. e5 fxe5 33. Ne6 Qd6 34. dxe5 Qxe5 35. Nxd8 Rxd8 36. Re1
Qxg3+ 37. Rxg3 d4 38. cxd4 Rxd4 39. Kf2 Rd2+ 40. Re2 Rd8 41. Rge3 Kf8 42. Re7
Bd7 43. Kg3 {Black can create two connected passed pawns but in the meantime
white breaks through on the kingside.} a6 44. Kf4 b5 45. g5 hxg5+ (45... Be8
46. g6 Nd6 47. f6 gxf6 48. Rh7 $18) 46. hxg5 Be8 47. g6 Nd6 48. f6 gxf6 49. g7+
Kg8 50. Bh7+ {After Kxh7 51.Rh2+ it is whites passed pawn who makes the day.}
1-0

[Event "Chicago op 11th"]
[Site "Chicago"]
[Date "2002.05.26"]
[Round "5"]
[White "Shabalov, Alexander"]
[Black "Mitkov, Nikola"]
[Result "1/2-1/2"]
[WhiteElo "2622"]
[BlackElo "2493"]
[Annotator "Shabalov,A"]
[PlyCount "83"]
[EventDate "2002.05.24"]
[EventType "swiss"]
[EventRounds "7"]
[EventCountry "USA"]
[SourceTitle "CBM 088 Extra"]
[Source "ChessBase"]
[SourceDate "2002.07.01"]
[SourceVersion "2"]
[SourceVersionDate "2002.07.01"]
[SourceQuality "1"]

1. d4 Nf6 2. c4 e6 3. Nf3 d5 4. Nc3 Bb4 5. cxd5 exd5 6. Bg5 h6 7. Bh4 g5 8. Bg3
Ne4 9. Nd2 Nxc3 {The other capture also have been tested lately.} (9... Nxg3
10. hxg3 c5 11. dxc5 Nc6 12. e4 Be6 13. exd5 Bxd5 14. Qe2+ Kf8 15. Nc4 Nd4 16.
Qd2 Bxc4 17. Bxc4 Qe7+ 18. Kf1 Qxc5 $15 19. Bd3 Rc8 20. Rc1 Kg7 21. Kg1 Rhd8
22. Kh2 Qd6 23. Rhd1 Qf6 24. Qe3 Bxc3 25. bxc3 Nc6 26. Qe4 Ne5 27. Qh7+ Kf8 28.
Be2 b6 29. Bh5 Rxd1 30. Rxd1 Re8 31. Rd4 Re6 32. f3 Rd6 33. f4 gxf4 34. Rxf4
Qg7 35. Qe4 Rd8 36. Qb7 Rd7 37. Qb8+ Ke7 38. Bxf7 Ng4+ 39. Kh3 Nf6 40. Be8 Rd5
41. Qb7+ Kf8 42. Qxd5 {1-0 Shabalov,A-Serper,G/Seattle USA 2002/(42).}) 10.
bxc3 Bxc3 11. Rc1 Bb2 12. Bxc7 Qe7 (12... Qd7 13. Rb1 Bc3 (13... Bxd4 14. Bxb8
Rxb8 15. e3 $18) 14. Bxb8 Rxb8 15. e3 O-O 16. h4 g4 17. Rb3 Qc7 18. Be2 Bd7 19.
O-O f5 20. Bb5 Be6 {1/2-1/2 Ftacnik,L-Landa,K/Beijing 1996/(20).}) 13. Bd6 Qe6
14. Rb1 {The most exact move order.White gets nothing after} (14. Rc2 Bxd4 15.
Ba3 Nc6 16. e4 Bd7 17. Nb3 Bb6 {1/2-1/2 Miralle,G-Sosonko,G/Cannes 1990(17)}) (
{or} 14. Qa4+ Nc6 15. Rc2 (15. Rxc6 Bd7) 15... Ba1 16. Bc5 Bd7 17. Rc1 Bb2 18.
Rb1 Nxd4 19. Qd1 Rc8 20. Bxd4 Bxd4 21. e3 O-O 22. Be2 Bg7 23. O-O b6 24. Nb3
Qe5 $15 {1-0 Kalinitschew,S-Giorgadze,G/Warsaw 1989/(89)}) 14... Bc3 {It's
very illogical to grab the bishop now.} (14... Qxd6 15. Rxb2 Nc6 16. e3 Bf5 17.
Be2 O-O 18. h4 Rfe8 19. hxg5 hxg5 20. Nf3 f6 21. Bd3 Qd7 22. Qb1 Be4 23. Bxe4
dxe4 24. Rxb7 Qe6 25. Rh6 Qd5 26. Rxf6 Ne7 27. Rb5 {1-0 Vera Reynaldo (CUB)
-Gongora Maikel (CUB)/Holguin (Cuba) 2002 (27).}) ({Impossible is} 14... Bxd4
15. Bxb8 Rxb8 16. Qa4+ $18) 15. Ba3 (15. Bc5 $5) 15... Nc6 16. e3 Bxd4 17. Bb5
{White has excellent compensation for the pawn, but black's defensive
resources should not be underestimated.} Bf6 18. Nb3 ({Somehow I felt that the
advantage after} 18. O-O Be7 19. Bxe7 Qxe7 20. e4 dxe4 21. Nxe4 O-O 22. Bxc6
bxc6 23. Qd4 f5 {might not be enough.}) 18... Bc3+ 19. Kf1 a6 20. Bd3 b5 21.
Bc5 Bf6 22. a4 $1 {Finally white manages to make his first active move and
black's position becomes critical.} Be7 $1 {Strangely enough after this
coldblooded defence I failed to find a straightforward way to win even after
home analysis.} 23. axb5 axb5 24. Bxb5 Ba6 25. Bxa6 Rxa6 26. h4 ({Neither} 26.
Nd4 Nxd4 27. Rb8+ Bd8 28. Qxd4 f6) ({nor} 26. Bxe7 Qxe7 27. Qxd5 O-O {did I
find convincing.}) 26... Ra2 $1 {The only move.} 27. Ra1 Rxa1 28. Qxa1 Rg8 29.
hxg5 hxg5 30. Qa8+ $6 {Much stronger was} (30. Nd4 Nxd4 (30... Qc8 31. Rh6) 31.
Qa8+ Bd8 32. Bxd4 {and black still has to suffer a lot.}) 30... Nd8 31. Nd4 Qe4
32. Qa4+ Kf8 33. Bxe7+ Kxe7 34. Qb4+ {In mutual time trouble white completely
loses the track. Still} (34. Qb3) {was very strong (with the idea of 35.f3)}
34... Kf6 35. Rh3 Ne6 36. Kg1 Nxd4 37. exd4 Kg7 {It all ends in a draw. Nice
defence!} 38. Re3 Qg4 39. Qe7 Rc8 40. Re1 Qf5 41. Qe5+ Qf6 42. Qxd5 1/2-1/2

[Event "Olympiad-42"]
[Site "Baku"]
[Date "2016.09.10"]
[Round "8.3"]
[White "Fressinet, Laurent"]
[Black "Bluebaum, Matthias"]
[Result "1-0"]
[WhiteElo "2664"]
[BlackElo "2626"]
[Annotator "Sumets,A"]
[PlyCount "83"]
[EventDate "2016.09.02"]
[EventType "team-swiss"]
[EventRounds "11"]
[EventCountry "AZE"]
[SourceTitle "CBM 175"]
[Source "ChessBase"]
[SourceDate "2016.11.10"]
[SourceVersion "1"]
[SourceVersionDate "2016.11.10"]
[SourceQuality "1"]
[WhiteTeam "France"]
[BlackTeam "Germany"]
[WhiteTeamCountry "FRA"]
[BlackTeamCountry "GER"]

1. d4 Nf6 2. Nf3 d5 3. c4 e6 4. Nc3 Bb4 5. cxd5 exd5 6. Bg5 h6 7. Bh4 Bf5 8.
Qa4+ {The most ambitious way. Other moves don't promise White an advantage.} (
8. e3 {The most popular move. Usually it leads to the Carlsbad pawn structure,
where Black has managed to put his bishop on f5, so he shouldn't have big
problems to equalise the game.} Nbd7 9. Qa4 (9. Bd3 Bxd3 10. Qxd3 c6 11. O-O
O-O 12. a3 Be7 {In comparison with the QGD Exchange Variation Black has spent
1 tempo on the bishop manoeuvre Bf8-b4-e7 but he has traded light-squared
bishops even without playing ...g6.} 13. b4 a6 14. Rfb1 b5 15. a4 Re8 (15...
Nb6 $5 16. Ne5 Qc8 17. Qc2 Nc4 18. h3 Re8 {with a roughly equal position}) 16.
Bxf6 Bxf6 (16... Nxf6 $142 $5 17. Qc2 Bd6 18. Ne2 Qe7 $11) 17. a5 Be7 18. Qc2
Bd6 19. Ne2 Rc8 20. Nc1 Nf6 21. Nd3 $14 {Vachier Lagrave,M (2765)-Anand,V 
(2791) Shamkir 2015 1/2 (47)}) (9. Qb3 Ba5 10. Be2 c6 11. O-O Qb6 12. Nd2 O-O
13. a3 (13. Rfc1 Rfe8 14. a3 Qxb3 15. Nxb3 Bc7 16. Na4 Bd6 17. Nac5 Nxc5 18.
Nxc5 Bxc5 19. Rxc5 Ne4 20. Rcc1 a5 $11 {Wang Yue (2718)-Wojtaszek,R (2727)
Huai'an CHN 2016 1/2 (68)}) 13... Qxb3 14. Nxb3 Bc7 15. f3 Rfe8 16. Bf2 a5 17.
a4 Re7 18. Rfc1 g5 $15 {Kovalenko,I (2644)-Wojtaszek,R (2722) Gjakova KOS 2016
1/2 (38)}) 9... a5 10. a3 Bxc3+ 11. bxc3 O-O 12. Nd2 c5 ({It seems to me that
12...c6 is in the spirit of this line:} 12... c6 $5 13. Qb3 (13. c4 Re8 14. Be2
g5 15. Bg3 c5 $13) 13... Qe8 $1 14. Be2 (14. Qxb7 $2 Ng4 15. Qb2 (15. Be2 Nxe3
16. fxe3 Qxe3 17. Qb2 Rab8 18. Qc1 Rfe8 $19) 15... Nxe3 16. fxe3 Qxe3+ 17. Kd1
Rab8 18. Qc1 Bg4+ 19. Kc2 c5 $17) ({Probably White should play} 14. Bxf6 Nxf6
15. Be2 $11) 14... Ne4 15. Nxe4 Qxe4 16. Bg3 Qxg2 $17) 13. Be2 g5 14. Bg3 Qb6
15. Qb5 Qxb5 16. Bxb5 c4 $6 17. f3 Rfe8 18. Kf2 Re6 19. Rhe1 (19. h4 $5 g4 20.
Bf4 $14) 19... Nb6 20. Ra2 $14 {Ipatov,A (2648)-Pashikian,A (2612) Gjakova KOS
2016 0-1 (49)}) 8... Nc6 9. e3 g5 10. Bg3 O-O (10... Qe7 $6 {This leads to a
bad position} 11. Bb5 Bd7 12. O-O O-O 13. Ne5 Bxc3 {Greenfeld,A (2569)-Suarez
Gomez,J (2448) Pontevedra ESP 2016 1/2 (46)} 14. Nxd7 $1 Qxd7 (14... Bxb2 $2
15. Nxf6+ Qxf6 16. Rab1 Bc3 17. Rb3 Bd2 18. Rd1 $18)) 11. Bb5 (11. Ne5 Bxc3+
12. bxc3 Nxe5 13. Bxe5 Ng4 14. Bg3 Qe7 15. Be2 Nxe3 {1/2 (15) Godart,F (2261)
-Despontin,L (2267) ICCF 2014. Let's continue this line:} 16. fxe3 Qxe3 17. Qd1
Rae8 18. Kf1 Qxc3 19. Rc1 Qb2 20. Kf2 c6 21. Re1 Re4 22. Rc2 Qxd4+ 23. Qxd4
Rxd4 24. Rb2 {The computer evaluates this position as equal. So the opponents
agreed to a draw.}) 11... Bxc3+ 12. bxc3 Ne7 13. Nd2 {It seems to me that this
is almost forced; in order to fight for an advantage White needs to secure his
dark-squared bishop.} ({In the first game, in which Black played 7...Bf5 Yuri
Vovk reacted less precisely:} 13. O-O c6 {I think that Black could have got
better chances after 13...Ne4:} (13... Ne4 $5 14. Qa3 h5 15. h3 Nxg3 16. fxg3
Nc8 $15) 14. Be2 b5 (14... Ne4 15. Qb3 {and Black has no time to play ...h5})
15. Qa3 Ne4 16. Ne5 f6 {White's knight is heading to d3, so why should Black
push him?} (16... Kg7 $5) 17. Nd3 a5 18. Nc5 a4 19. Nxe4 Bxe4 20. Qc5 Qd7 $11 {
Vovk,Y (2588)-Gajewski,G (2646) Jerusalem 2015 1-0 (46)}) 13... Ne4 14. Nxe4
Bxe4 15. O-O {White can't avoid the exchange of his dark-squared bishop.} (15.
f3 $6 Bg6 16. Bf2 c6 17. Be2 Nf5 18. e4 (18. O-O Nxe3 $1 19. Bxe3 Re8 20. Bxg5
hxg5 $15) 18... dxe4 19. fxe4 Nh4 20. Bxh4 gxh4 21. e5 Qg5 $15) 15... c6 16.
Be2 Nf5 17. c4 dxc4 18. Qxc4 Qd5 19. Qxd5 Bxd5 20. Rab1 $146 {To see a novelty
on move twenty or later is not a big surprise nowadays. It is obvious why you
can't find this position in Correspondence chess. The computer evaluation is
about 0.00 so who wants to waste time?! However if you can not use computer's
advice then the position is in White's favour due to the central pawns. Of
course White's advantage is minimal and Black can level the game by means of ..
.Nxg3, ...Rae8, ...f5, ...f4.} (20. a4 Rae8 21. Rfe1 Re7 22. Bg4 Nxg3 23. hxg3
f5 24. Bf3 Rd8 25. Rab1 Kf7 (25... f4 $5 26. e4 Bc4 27. gxf4 Rxd4 28. f5 Kf7
$13) 26. Rec1 g4 27. Bxd5+ Rxd5 28. Rc4 h5 29. Kf1 Ke6 30. Ke2 Kd6 $11 {
Leko,P (2712)-Yu Yangyi (2734) Danzhou CHN 2016 1/2 (51)}) 20... b6 (20... Nxg3
21. hxg3 Rab8 {is reliable but it doesn't seem to be very attractive for Black.
}) 21. Rb2 Rae8 22. Rc1 Nxg3 23. hxg3 f5 {This is quite logical. Black creates
counter-chances by means of f4.} 24. Bc4 (24. Bf3 f4 (24... Bxf3 25. gxf3 f4
26. gxf4 gxf4 27. e4 $14) 25. Bxd5+ cxd5 {leads to the same position.}) 24...
f4 25. Bxd5+ cxd5 26. gxf4 gxf4 27. exf4 (27. Rc3 fxe3 28. fxe3 Re6 $11) 27...
Rxf4 {The position is almost equal but Black needs to be careful.} 28. Rd2 Ree4
(28... h5 $5 {White's king goes to g3, so Black should prevent it by means of .
..h5, ...h4.} 29. Rc7 Rf7 30. Rdc2 Re4 $11) 29. Rcd1 Kg7 $6 (29... h5 30. f3
Re7 31. Rc1 h4 32. Kf2 Ree4 33. Rc7 Rxd4 34. Rxd4 Rxd4 35. Rxa7 $11) 30. f3 Re3
31. Kf2 Ra3 32. Kg3 $14 {The position which has arisen is still drawish.} Re4
$6 {Black can't increase the presure on d4, so there is nothing his rook can
achieve on the 4th rank.} (32... Rf6 33. Rc1 Kg6 34. Rc8 Re6 35. Rd8 Ra5 36.
Rc2 Kg5 $14) 33. Rc1 Kf7 34. Rc8 $1 {Now Black is in trouble.} (34. Rc7+ $6 Re7
35. Rxe7+ Kxe7 36. Kf4 Kf6 $11) 34... Re1 (34... Re8 35. Rxe8 Kxe8 36. Kf4 {
is very dangerous for Black.}) 35. Kf4 $16 Ra1 $2 {The a2-pawn isn't very
important. White's two rooks and king create a very strong attack. I believe
that 35...Ra1 is the decisive mistake.} (35... Re6 36. Kf5 Rf6+ 37. Ke5 Re6+
38. Kxd5 Ra5+ 39. Kc4 h5 40. Rh8 Rc6+ 41. Kd3 Re6 $16 {Black retains drawish
chances.}) 36. Rc7+ Ke8 $6 ({There is the slightly more resilient} 36... Kf6
37. Rdc2 Re1 38. Rh7 Kg6 39. Rcc7 Re6 (39... Rxa2 40. Rcg7+ Kf6 41. Rf7+ Ke6 (
41... Kg6 42. Rhg7+ Kh5 43. Rf5+ Kh4 44. Rg4#) 42. Re7+ Kd6 43. Rxe1 $18) (
39... Re8 $8 40. Rcg7+ Kf6 41. Rxa7 Rxa7 42. Rxa7 h5 43. Rb7 Re6 44. g3 $22 $18
) 40. Rhg7+ Kh5 41. Rc1 $18) 37. Re2+ Kd8 38. Ree7 $18 {The rest is clear
without comments.} R3xa2 39. Red7+ Ke8 40. Rh7 Kd8 41. Rcd7+ Kc8 42. Rdf7 1-0